البيان في اعجاز القرآن / (رقم التسجيلة. 130161)

تفاصيل مارك
000 -الفاتح
عناصر البيانات ثابتة الطول 00787cam a2200193 i 4500
005 - تاريخ ووقت آخر معاملة
حقل ضبط 20251125090728.0
008 - عناصر البيانات ثابتة الطول
عناصر البيانات ثابتة الطول 250721s2014 jo gr 000 0 ara d
082 14 - رقم تصنيف ديوي العشري
رقم التصنيف 211.63
رقم المادة خ ا ل
100 1# - مدخل رئيسي – اسم شخصي
الاسم الشخصي الخالدي، صلاح عبد الفتاح
علاقة الشخص بالعمل/ دوره مؤلف.
245 12 - بيان العنوان
العنوان البيان في اعجاز القرآن /
بيان المسؤولية الدكتور صلاح عبدالفتاح الخالدي.
264 1# - بيانات النشر، التوزيع…إلخ
مكان النشر، التوزيع...إلخ عمان _ الاردن :
اسم الناشر، الموزع...إلخ دار عمار للنشر والتوزيع،
تاريخ النشر، التوزيع...إلخ 2014.
300 ## - الوصف المادي
عدد الوحدات المكونة للوعاء 403ص.
490 0# - بيان السلسلة
عنوان السلسلة علوم القرآن و أصول التفسير ؛
رقم الوعاء في السلسلة الكتاب الاول.
650 17 - مدخل إضافي بالموضوع - مصطلح موضوعي
مصطلح موضوعي أو اسم جغرافي كعنصر مدخل القرآن الكريم.
650 17 - مدخل إضافي بالموضوع - مصطلح موضوعي
مصطلح موضوعي أو اسم جغرافي كعنصر مدخل اعجاز القرآن.
830 #0 - مدخل إضافي بالسلسلة-عنوان مقنن
عنوان السلسسلة علوم القرآن و أصول التفسير.
942 ## - بيانات إضافية (كوها)
نوع التنصيف Dewey Decimal Classification
نوع المادة (كوها) كتب
المقتنيات
حالة السحب حالة الفقدان مصدر التصنيف حالة التلف غير قابل للإعارة المكتبة الرئيسية المكتبة الحالية موقع الرف تاريخ التزويد الرقم المتسلسل Total Checkouts رقم الإستدعاء الباركود تاريخ آخر ظهور تاريخ الفاتورة نوع المادة (كوها)
    Dewey Decimal Classification     المكتبة المركزية المكتبة المركزية الإعارة 28/07/2025 1582791   211.63 / خ ا ل PLD00306695 28/07/2025 28/07/2025 كتب
    Dewey Decimal Classification     مكتبة أم قصير والمقابلين العامة مكتبة أم قصير والمقابلين العامة الإعارة 16/09/2014 1582798   211.63/خال PLD00306930 28/07/2025 16/09/2014 كتب
    Dewey Decimal Classification     مكتبة الاميرة بديعة مكتبة الاميرة بديعة الإعارة 16/09/2014 1582794   211.63/خال PLD00306926 28/07/2025 16/09/2014 كتب
    Dewey Decimal Classification     مكتبة الجويدة مكتبة الجويدة الإعارة 16/09/2014 1582796   211.63/خال PLD00306928 28/07/2025 16/09/2014 كتب
    Dewey Decimal Classification     مكتبة الحسن العامة مكتبة الحسن العامة الإعارة 16/09/2014 1582793   211.63/خال PLD00306925 28/07/2025 16/09/2014 كتب
    Dewey Decimal Classification     مكتبة النصر العامة مكتبة النصر العامة الإعارة 16/09/2014 1582795   211.63/خال PLD00306927 28/07/2025 16/09/2014 كتب
    Dewey Decimal Classification     مكتبة حمزة العامة مكتبة حمزة العامة الإعارة 16/09/2014 1582799   211.63/خال PLD00306931 28/07/2025 16/09/2014 كتب
    Dewey Decimal Classification     مكتبة وادي السير العامة مكتبة وادي السير العامة الإعارة 16/09/2014 1582800   211.63/خال PLD00306932 28/07/2025 16/09/2014 كتب
    Dewey Decimal Classification     مكتبةمؤتة مكتبةمؤتة الإعارة 16/09/2014 1582797   211.63/خال PLD00306929 28/07/2025 16/09/2014 كتب
Implemented & Customized by: BBB with SCIT (Smart Chains for Information Technology)

Powered by Koha